Statistics for General Knowledge Country Quiz #2 - Australia

Click here to take the quiz!

General Stats

  • This quiz has been taken 24 times
  • The average score is 8 of 10

Answer Stats

QuestionAnswer% Correct
Which of these parts of Australia is an island?Tasmania
100%
What is Australia's first language?English
95%
What hemisphere is Australia in?Southern
95%
How many FIFA World Cups has Australia won?0
91%
What continent is Australia in?Oceania / Australasia
91%
What country was Australia colonised by?UK
91%
What is Australia's population closest to? (as of 2023)25 million
77%
What place is Australia in the world based on size?6th
59%
What type of country is Australia?Islands
45%
How many stars does Australia have on it's flag?5
27%

Score Distribution

Percentile by Number Answered

Percent of People with Each Score

Your Score History

You have not taken this quiz